000 01091cam a2200181 4500
001 WB3904-03
008 030128n2003 000 0 eng u
035 _a(Sirsi) u121135
245 _aRevised Building Regulations booklet
260 _c2003
490 _aRICS Building Surveying Faculty News
_v23 January 2003, (1)
520 _aThe revised "Building regulation explanatory booklet" has been published by the ODPM. It updates the 1998 version, providing a fuller explanation of the regulations and the two types of building control service available. The booklet can be found at http://www.safety.odpm.gov.uk/bregs/brpub/br-booklet/whole.htm Free print copies from ODPM Free Literature, PO Box 236, Wetherby, West yorkshire, LS 23 7NB t +44(0)870 1226 236; f +44(0)870 1226 237 http://www.rics.org/ricscms/bin/show?class=News&template=/includes/shownews.html&id=4680&faculty=Building%20Surveying&faculty=All%20Faculties
590 _aWB
650 _aBUILDING REGULATIONS
_96224
650 _aBUILDING CONTROL
_96222
690 _aBUILT ENVIRONMENT-BUILDING STANDARDS
942 _n0
999 _c71979
_d71979